[Event "FRA-chT2 0405"]
[Site "France"]
[Date "2005.04.02"]
[Round "10.9"]
[White "Gravagna, Pierre"]
[Black "Lejeune, Alexandra"]
[Result "1-0"]
[WhiteElo "2036"]
[BlackElo "1430"]
[PlyCount "41"]
[EventDate "2004.10.10"]
[EventType "team"]
[EventRounds "11"]
[EventCountry "FRA"]
[SourceTitle "EXT 2006"]
[Source "ChessBase"]
[SourceDate "2005.11.24"]
[SourceVersion "1"]
[SourceVersionDate "2005.11.24"]
[SourceQuality "1"]

1. d4 e6 2. c4 b6 3. Nf3 Bb7 4. a3 f5 5. Nc3 Nf6 6. g3 Bd6 7. Bg2 0-0 8. b3 a6 9. Bb2 c5 10. 0-0 Qc7 11. Qd2 Re8 12. Rad1 cxd4 13. Nxd4 Bxg2 14. Kxg2 Be7 15. Rfe1 Nc6 16. e4 Nxd4 17. Qxd4 e5 18. Nd5 Nxd5 19. Qxd5+ Kf8 20. Bxe5 Qc6 21. Bb2 1-0